Statistics for 名古屋地下鉄路線クイズ

Click here to take the quiz!

General Stats

  • This quiz has been taken 100 times
  • The average score is 5 of 6

Answer Stats

Answer% Correct
東山線
96%
名城線
90%
鶴舞線
87%
桜通線
84%
名港線
78%
上飯田線
73%

Score Distribution

Percentile by Number Answered

Percent of People with Each Score

Your Score History

You have not taken this quiz